Reforma Fiscal Verde

Bibliographic Details
Main Author: Florn̊cio, Jos ̌Felipe Luiz
Format: eBook
Language:Portuguese
Published: San Pablo: Letras Jurídicas Editora, 2013
Subjects:
Online Access:Acceso restringido

MARC

LEADER 00000nam a22000007a 4500
005 20200724002613.0
007 cr|||| ||||
008 200724s2013 br |||||s|||| 00||0 por d
020 |a 978-85-8248-009-9 
035 |a 31890 
040 |a vLex 
090 |c 10710  |d 10710 
100 1 |a Florn̊cio, Jos ̌Felipe Luiz 
245 1 0 |a Reforma Fiscal Verde  |h [Recurso electrn̤ico] /  |c Jos ̌Felipe Luiz Florn̊cio 
256 |a Servicio en ln̕ea 
260 |a San Pablo:  |b Letras Jurídicas Editora,  |c 2013 
300 |a 1 recurso electrn̤ico 
500 |a A preservaȯ̂ do meio ambiente sofreu profundas transformaė̳s ocasionadas, dentre outros fatores, pela exploraȯ̂ descontrolada e desmedida dos recursos naturais renovv̀eis e nô renovv̀eis, em razô de um consumismo antrp̤ico deletřio e inconsequente. Os riscos a afligirem a sociedade contemporńea exigem, cada vez mais, a intervenȯ̂ de diversos atores sociais no processo decisr̤io da produȯ̂, o que perpassa pelas mais diversas queste̳s administrativas e operacionais, antes, intrinsecamente de atribuiȯ̂ exclusiva dos gerentes e administradores de unidades fabris. Essas queste̳s incidem desde a opȯ̂ por matřia-prima ambientalmente certificada, logs̕tica de armazenagem e transporte dos produtos, reduȯ̂ de desperdc̕io energťico e hd̕rico, desenvolvimento de novas tecnologias mais limpas at ̌o tratamento dos resd̕uos resultantes da atividade industrial. 
506 1 |a Disponible solo en los productos indicados  |d vLex Global  |d vLex Global (Academic Edition, excluding Law Schools)  |d vLex Global (U.S. Academic Edition, Law Schools)  |d vLex Global (U.S. Academic Edition, excluding Law Schools)  |d vLex Global (Academic Edition, Law Schools) 
650 0 4 |a Derecho Tributario  |z Brasil 
740 0 |a vLex Libros (Servicio en ln̕ea) 
856 4 0 |u http://vlex.com/source/reforma-fiscal-verde-31890  |z Acceso restringido 
942 |c BOOK 
999 0 |a Tax Law